000 00772nam a22002417a 4500
999 _c402
_d402
003 AR-BaISA
005 20220512191843.0
007 ta
008 180226s2003 ag ||||| |||| 00| 0 spa d
020 _a9507684107
040 _cAR-BaISA
082 0 4 _222
_a616.398 P837
100 1 0 _91004
_aPorti, Mariana
_eaut.
245 1 3 _aLa obesidad infantil:
_btodo lo que necesita saber /
_cMariana Porti
260 _aBuenos Aires:
_bImaginador,
_c2003
300 _a[125] p.
490 1 _aSalud para todos
505 _tLa obesidad --
_tObesidad infantil --
_tTratamiento de la obesidad infantil --
_tDatos Ăștiles sobre obesidad infantil
650 1 4 _9961
_aObesidad
_xtratamiento
650 1 4 _91006
_aObesidad infantil
830 0 _91005
_aSalud para todos
942 _2ddc
_cLI